书目信息 |
| 题名: |
心灵驿站
|
|
| 作者: | 马前锋 主编 | |
| 分册: | 情绪调控 | |
| 出版信息: | 上海 上海科技教育出版社 2000 |
|
| 页数: | 210页 | |
| 开本: | 19cm | |
| 丛书名: | ||
| 单 册: | ||
| 中图分类: | B84-49 , B842.6 | |
| 科图分类: | ||
| 主题词: | 心理学 , 情绪--自我控制--通俗读物 , 心理学--通俗读物 , 自我控制 , 情绪 , 心理过程 , 心理状态 | |
| 电子资源: | ||
| ISBN: | 7-5428-2104-0 | |
| 000 | 00919nam0 2200313 450 | |
| 001 | 1239587875 | |
| 005 | 20120929110136.75 | |
| 010 | @a7-5428-2104-0@dCNY11.70 | |
| 100 | @a20021005d2000 em y0chiy0110 ea | |
| 101 | 0 | @achi |
| 102 | @aCN@b310000 | |
| 105 | @af z 000yy | |
| 106 | @ar | |
| 200 | 1 | @a心灵驿站@Axin ling yi zhan@i情绪调控@f马前锋主编 |
| 210 | @a上海@c上海科技教育出版社@d2000 | |
| 215 | @a210页@c插图@d19cm | |
| 330 | @a本书收录请笑一笑;宽容别人即善待自己;笑声护士;妻子的切洋葱战术;老年情绪健身术;智力高低取决于情绪等约90余篇。 | |
| 606 | 0 | @a心理学 |
| 606 | 0 | @a情绪@x自我控制@x通俗读物 |
| 606 | 0 | @a心理学@x通俗读物 |
| 606 | 0 | @a自我控制 |
| 606 | 0 | @a情绪 |
| 606 | 0 | @a心理过程 |
| 606 | 0 | @a心理状态 |
| 690 | @aB84-49@v4 | |
| 690 | @aB842.6@v4 | |
| 701 | 0 | @a马前锋@Ama qian feng@4主编 |
| 801 | 0 | @aCN@bNLC@c20001102 |
| 905 | @a10447@dB842.6@eJY110 | |
| 心灵驿站.情绪调控/马前锋主编 .-上海:上海科技教育出版社,2000 |
| 210页:插图;19cm |
| ISBN 7-5428-2104-0:CNY11.70 |
| 本书收录请笑一笑;宽容别人即善待自己;笑声护士;妻子的切洋葱战术;老年情绪健身术;智力高低取决于情绪等约90余篇。 |
| ● |
| 相关链接 |
|
|
|
|
正题名:心灵驿站
索取号:B842.6/JY110
 
预约/预借
| 序号 | 登录号 | 条形码 | 馆藏地/架位号 | 状态 | 备注 |
| 1 | 7830343 | 278303435 | 学院路分馆/ [索取号:B842.6/JY110] | 在馆 | |
| 2 | 7830344 | 278303444 | 学院路分馆/ [索取号:B842.6/JY110] | 在馆 |